| 000 | 00591nam a2200169 4500 | ||
|---|---|---|---|
| 001 | 111307 | ||
| 003 | ES-MaACL | ||
| 005 | 20230906185259.0 | ||
| 007 | t| | ||
| 008 | 061121s1946 sp r ||||1| spa d | ||
| 100 | 1 |
_aNájera Angulo, Luis. _984870 |
|
| 245 | 1 | 0 |
_aCriterio diagnóstico en la leishumaniosis visceral mediterránea / _cLuis Nájera Angulo. |
| 260 |
_aMadrid : _bMinisterio de la Gobernación, Dirección General de Sanidad, _c1946. |
||
| 300 |
_a52 p. : _bil ; _c19 cm. |
||
| 710 | 1 |
_aEspaña. _bDirección General de Sanidad. _93905 |
|
| 852 |
_aES-MaACL _j1870-F-10 _bR.22169 |
||
| 999 |
_c111307 _d111307 |
||